[Event "Novy Bor op"]
[Site "Novy Bor"]
[Date "2011.02.13"]
[Round "2"]
[White "Sedlacek, Jiri"]
[Black "Wieczorek, Oskar"]
[Result "1/2-1/2"]
[WhiteElo "2031"]
[BlackElo "2330"]
[PlyCount "77"]
[EventDate "2011.02.12"]
[EventType "swiss"]
[EventRounds "9"]
[EventCountry "CZE"]
[SourceTitle "CBM 140 Extra"]
[Source "ChessBase"]
[SourceDate "2011.03.01"]
[SourceVersion "1"]
[SourceVersionDate "2011.03.01"]
[SourceQuality "1"]

1. c4 c5 2. Nc3 Nc6 3. g3 g6 4. Bg2 Bg7 5. e4 e6 6. Nge2 Nge7 7. 0-0 a6 8. d3 d6 9. Rb1 Nd4 10. a3 0-0 11. b4 Qc7 12. Be3 Bd7 13. Qd2 Rab8 14. Rfc1 b6 15. b5 a5 16. a4 Bc8 17. Rf1 Bb7 18. Nf4 Rbe8 19. Rbe1 Kh8 20. f3 Ng8 21. Kh1 Nf6 22. Nh3 Nd7 23. Nf2 f5 24. Nh3 fxe4 25. fxe4 Ne5 26. Qd1 Qd7 27. Rxf8+ Rxf8 28. Rf1 Qe8 29. Bf4 Bc8 30. Ne2 Nf7 31. Be3 e5 32. Nc3 Be6 33. Nd5 Bxd5 34. cxd5 Bh6 35. Bxd4 exd4 36. Nf4 Bxf4 37. gxf4 g5 38. Qg4 gxf4 39. Qe6 1/2-1/2

[Event "CZE-chT2A 1011"]
[Site "Czech Republic"]
[Date "2011.01.23"]
[Round "6"]
[White "Cerny, Vaclav"]
[Black "Sedlacek, Jiri"]
[Result "1-0"]
[WhiteElo "1963"]
[BlackElo "2074"]
[PlyCount "49"]
[EventDate "2010.10.17"]
[EventType "team-tourn"]
[EventRounds "11"]
[EventCountry "CZE"]
[SourceTitle "EXT 2012"]
[Source "ChessBase"]
[SourceDate "2011.11.24"]
[SourceVersion "1"]
[SourceVersionDate "2011.11.24"]
[SourceQuality "1"]
[WhiteTeam "Domazlice"]
[BlackTeam "Plzen Letna"]
[WhiteTeamCountry "CZE"]
[BlackTeamCountry "CZE"]

1. e4 c5 2. c3 Nf6 3. e5 Nd5 4. d4 cxd4 5. Nf3 e6 6. cxd4 b6 7. Nc3 Nxc3 8. bxc3 Qc7 9. Bd2 Bb7 10. Bd3 d6 11. 0-0 Nd7 12. Bf4 Be7 13. Re1 Rc8 14. Rc1 dxe5 15. Nxe5 Nxe5 16. Bxe5 Bd6 17. Bb5+ Bc6 18. Bxc6+ Qxc6 19. d5 Qc5 20. dxe6 Rd8 21. exf7+ Kxf7 22. Qf3+ Kg8 23. Rcd1 Be7 24. Rxd8+ Bxd8 25. Bd6 1-0

[Event "Marianske Lazne op"]
[Site "Marianske Lazne"]
[Date "2011.01.19"]
[Round "6"]
[White "Dub, Miroslav"]
[Black "Sedlacek, Jiri"]
[Result "1-0"]
[WhiteElo "1938"]
[BlackElo "2031"]
[PlyCount "117"]
[EventDate "2011.01.15"]
[EventType "swiss"]
[EventRounds "9"]
[EventCountry "CZE"]
[SourceTitle "CBM 140 Extra"]
[Source "ChessBase"]
[SourceDate "2011.03.01"]
[SourceVersion "1"]
[SourceVersionDate "2011.03.01"]
[SourceQuality "1"]

1. e4 c5 2. Nc3 Nc6 3. g3 e6 4. Bg2 Nge7 5. f4 d6 6. Nf3 g6 7. 0-0 Bg7 8. d3 0-0 9. Be3 Nd4 10. Rb1 Rb8 11. Ne2 Ndc6 12. c3 b6 13. d4 cxd4 14. cxd4 Bb7 15. b4 Rc8 16. g4 Nb8 17. Ng3 Nd7 18. g5 Qc7 19. Rc1 Qb8 20. Qd2 Ba6 21. Rxc8 Rxc8 22. Rc1 Rc7 23. h4 Qc8 24. a3 Rc4 25. Kf2 Rxc1 26. Qxc1 Qc4 27. Qxc4 Bxc4 28. Bd2 b5 29. Ke3 Nb6 30. Bc1 Nc6 31. Bb2 Kf8 32. h5 Ke7 33. h6 Bf8 34. Nh2 Nb8 35. Ng4 N8d7 36. Nf1 Kd8 37. Nd2 Be7 38. e5 d5 39. Bc1 Kc7 40. Bf3 Kc6 41. Bd1 Bd8 42. Bc2 Na4 43. Nf3 a5 44. Bd2 Be7 45. Nf6 Nf8 46. Nh4 Ba2 47. Ng8 Bd8 48. bxa5 Nb2 49. Bb4 Nc4+ 50. Ke2 Nd7 51. Nxg6 fxg6 52. Bxg6 Bxa5 53. Bxh7 Nxa3 54. Bxa5 Bc4+ 55. Ke3 Nf8 56. Bb4 Nxh7 57. Bxa3 Ba2 58. g6 Bb1 59. Ne7+ 1-0

[Event "CZE-chT2A 0910"]
[Site "Czech Republic"]
[Date "2010.03.28"]
[Round "10.8"]
[White "Cerny, Vaclav"]
[Black "Sedlacek, Jiri"]
[Result "1-0"]
[WhiteElo "1952"]
[BlackElo "2064"]
[PlyCount "109"]
[EventDate "2009.10.18"]
[EventType "team-tourn"]
[EventRounds "11"]
[EventCountry "CZE"]
[SourceTitle "EXT 2012"]
[Source "ChessBase"]
[SourceDate "2011.11.24"]
[SourceVersion "1"]
[SourceVersionDate "2011.11.24"]
[SourceQuality "1"]
[WhiteTeam "Domazlice"]
[BlackTeam "Plzen Letna"]
[WhiteTeamCountry "CZE"]
[BlackTeamCountry "CZE"]

1. e4 d5 2. exd5 Nf6 3. Be2 Nxd5 4. d4 g6 5. Nf3 Bg7 6. 0-0 0-0 7. c4 Nb6 8. Nc3 Nc6 9. d5 Ne5 10. Nxe5 Bxe5 11. Bh6 Re8 12. f4 Bf6 13. Rc1 e6 14. dxe6 Bxe6 15. b3 Bf5 16. Kh1 Qxd1 17. Bxd1 Bd3 18. Rg1 Bd4 19. Bf3 Bxg1 20. Kxg1 c6 21. Rd1 Rad8 22. Bg5 Rd7 23. c5 Nc8 24. Be4 Rd4 25. Bxd3 Re3 26. Bf5 Rxd1+ 27. Nxd1 Re1+ 28. Kf2 Rxd1 29. Bxc8 b6 30. Bb7 bxc5 31. Bxc6 Rd2+ 32. Ke3 Rxa2 33. Be7 Ra3 34. Bd5 a5 35. Bxc5 Ra1 36. Bc6 Rc1 37. Kd4 Kg7 38. Kd5 Kf6 39. Bb6 Rd1+ 40. Kc5 Ra1 41. Kb5 Rb1 42. Bd5 Rd1 43. Bf3 Rb1 44. Kc4 Rc1+ 45. Kd3 Ke6 46. Bxa5 Kd6 47. Bd2 Rb1 48. b4 Rb2 49. Bc3 Ra2 50. Kc4 Kc7 51. Be5+ Kb6 52. Bd4+ Kc7 53. b5 Ra4+ 54. Kc5 Ra2 55. b6+ 1-0

[Event "CZE-chT2A 0910"]
[Site "Czech Republic"]
[Date "2010.03.14"]
[Round "9.8"]
[White "Sedlacek, Jiri"]
[Black "Hlavsa, Filip"]
[Result "1-0"]
[WhiteElo "2064"]
[BlackElo "1766"]
[PlyCount "49"]
[EventDate "2009.10.18"]
[EventType "team-tourn"]
[EventRounds "11"]
[EventCountry "CZE"]
[SourceTitle "EXT 2012"]
[Source "ChessBase"]
[SourceDate "2011.11.24"]
[SourceVersion "1"]
[SourceVersionDate "2011.11.24"]
[SourceQuality "1"]
[WhiteTeam "Plzen Letna"]
[BlackTeam "Pisek Platan"]
[WhiteTeamCountry "CZE"]
[BlackTeamCountry "CZE"]

1. c4 e5 2. Nc3 f5 3. d3 Nf6 4. g3 Bc5 5. Bg2 0-0 6. Nf3 Nc6 7. 0-0 d6 8. a3 a5 9. Bd2 Qe8 10. Rc1 Ng4 11. e3 h6 12. Nd5 Qd8 13. b4 axb4 14. axb4 Ba7 15. b5 Ne7 16. Nc3 Bb8 17. Ra1 Rxa1 18. Qxa1 Nf6 19. Qa8 Bd7 20. Qxb7 c6 21. Qa6 Bc7 22. Rb1 Bc8 23. Qa4 Bb7 24. b6 Bxb6 25. Qb3 1-0

[Event "CZE-chT2A 0910"]
[Site "Czech Republic"]
[Date "2010.02.28"]
[Round "8.7"]
[White "Sedlacek, Jiri"]
[Black "Korsa, Jindrich"]
[Result "1-0"]
[WhiteElo "2064"]
[BlackElo "2068"]
[PlyCount "91"]
[EventDate "2009.10.18"]
[EventType "team-tourn"]
[EventRounds "11"]
[EventCountry "CZE"]
[SourceTitle "EXT 2012"]
[Source "ChessBase"]
[SourceDate "2011.11.24"]
[SourceVersion "1"]
[SourceVersionDate "2011.11.24"]
[SourceQuality "1"]
[WhiteTeam "Plzen Letna"]
[BlackTeam "Praha Bohemians II"]
[WhiteTeamCountry "CZE"]
[BlackTeamCountry "CSR"]

1. c4 e5 2. Nc3 Nc6 3. g3 g5 4. Bg2 d6 5. d3 Bg7 6. e3 h6 7. Nge2 Nge7 8. a3 Ng6 9. Qc2 0-0 10. Bd2 f5 11. 0-0-0 f4 12. gxf4 gxf4 13. Be4 Bf5 14. Rhg1 Bxe4 15. Nxe4 Nce7 16. Rg4 h5 17. Rg5 f3 18. N2c3 Rf5 19. Rdg1 Rxg5 20. Nxg5 Qd7 21. Nd5 Rf8 22. d4 Qf5 23. Qxf5 Rxf5 24. e4 Nxd5 25. exf5 Ngf4 26. Bxf4 Nxf4 27. Kd2 Ne2 28. Re1 Bh6 29. h4 Nxd4 30. Kd3 Nxf5 31. Nxf3 Kf7 32. Rg1 Bf4 33. Ke4 Ne7 34. b3 a6 35. Ne1 Kf6 36. Nd3 Bh6 37. f4 c6 38. fxe5+ dxe5 39. Nxe5 Ke6 40. Nd3 b6 41. Nf4+ Bxf4 42. Kxf4 Kf6 43. Rg5 Ng6+ 44. Kg3 Ne5 45. Rxh5 Nf7 46. Kf4 1-0

[Event "CZE-chT2A 0910"]
[Site "Czech Republic"]
[Date "2010.01.17"]
[Round "5.7"]
[White "Sedlacek, Jiri"]
[Black "Muzikar, Jan"]
[Result "1-0"]
[WhiteElo "2064"]
[BlackElo "1906"]
[PlyCount "135"]
[EventDate "2009.10.18"]
[EventType "team-tourn"]
[EventRounds "11"]
[EventCountry "CZE"]
[SourceTitle "EXT 2012"]
[Source "ChessBase"]
[SourceDate "2011.11.24"]
[SourceVersion "1"]
[SourceVersionDate "2011.11.24"]
[SourceQuality "1"]
[WhiteTeam "Plzen Letna"]
[BlackTeam "Cesky Krumlov"]
[WhiteTeamCountry "CZE"]
[BlackTeamCountry "CZE"]

1. c4 e5 2. Nc3 Bb4 3. g3 Bxc3 4. bxc3 Nc6 5. Bg2 d6 6. Rb1 Nf6 7. Nf3 0-0 8. d3 h6 9. 0-0 Ne7 10. c5 Ng6 11. cxd6 cxd6 12. Nd2 Rb8 13. Ba3 Qc7 14. c4 Rd8 15. Qb3 b6 16. Rfe1 Bb7 17. Nf3 Qd7 18. Bb2 Qf5 19. Qa4 a5 20. Bc3 Ba8 21. Qb5 Nd7 22. Qb2 Qg4 23. Qd2 Nc5 24. Qd1 e4 25. dxe4 Bxe4 26. Rb2 Ne5 27. Nxe5 dxe5 28. Rd2 Rxd2 29. Qxd2 Bxg2 30. Kxg2 Qe6 31. f3 e4 32. f4 Rb7 33. Qd4 f6 34. Qd8+ Kh7 35. Qd5 Rd7 36. Qxe6 Nxe6 37. Rb1 Rd6 38. f5 Nc5 39. Kf2 Na4 40. Be1 Rc6 41. Rc1 Rc5 42. g4 g6 43. fxg6+ Kxg6 44. Ke3 f5 45. h3 fxg4 46. hxg4 Kg5 47. Kxe4 Kxg4 48. Bd2 Rc8 49. Bxh6 Re8+ 50. Kd3 Nc5+ 51. Kd2 Kf5 52. Rf1+ Ke4 53. e3 Rd8+ 54. Kc2 Nd3 55. a3 Rg8 56. Rd1 Rg2+ 57. Kc3 Nc5 58. Rd4+ Kf5 59. Rd5+ Ke6 60. Bf8 Nb7 61. Rb5 Kd7 62. Rxb6 Nd8 63. Bc5 Nc6 64. Rb7+ Ke6 65. Rc7 Nd8 66. Re7+ Kf5 67. Bb6 Nc6 68. Rc7 1-0

[Event "Zdar nad Sazavou Vysocina op-A 4th"]
[Site "Zdar nad Sazavou"]
[Date "2007.09.22"]
[Round "1"]
[White "Studnicka, Tomas"]
[Black "Sedlacek, Jiri"]
[Result "0-1"]
[WhiteElo "2307"]
[BlackElo "2094"]
[PlyCount "60"]
[EventDate "2007.09.22"]
[EventType "swiss"]
[EventRounds "9"]
[EventCountry "CZE"]
[SourceTitle "CBM 120 Extra"]
[Source "ChessBase"]
[SourceDate "2007.11.01"]
[SourceVersion "1"]
[SourceVersionDate "2007.11.01"]
[SourceQuality "1"]

1. d4 d5 2. c4 e6 3. Nc3 Nf6 4. Bg5 Be7 5. cxd5 exd5 6. e3 0-0 7. Bd3 h6 8. Bh4 b6 9. Nf3 Be6 10. 0-0 c5 11. Ne5 Nfd7 12. Bg3 Nxe5 13. dxe5 Nc6 14. Bb5 Rc8 15. Qa4 Nb4 16. a3 a6 17. Bxa6 Nxa6 18. Qxa6 d4 19. Rad1 Bb3 20. Rd2 Qc7 21. Nb5 Qc6 22. Na7 Qa8 23. exd4 Rc7 24. Qb5 Bd5 25. dxc5 Bxc5 26. b4 Bc4 27. Qxc4 Bxf2+ 28. Bxf2 Rxc4 29. Bxb6 Qb7 30. Bf2 Rf4 0-1

[Event "CZE-chT2a 0607"]
[Site "Czech Republic"]
[Date "2006.12.17"]
[Round "5.7"]
[White "Sedlacek, Jiri"]
[Black "Janda, Jiri"]
[Result "1/2-1/2"]
[WhiteElo "2084"]
[BlackElo "2114"]
[PlyCount "72"]
[EventDate "2006.10.15"]
[EventType "team"]
[EventRounds "11"]
[EventCountry "CZE"]
[SourceTitle "EXT 2009"]
[Source "ChessBase"]
[SourceDate "2008.11.26"]
[SourceVersion "1"]
[SourceVersionDate "2008.11.26"]
[SourceQuality "1"]
[WhiteTeam "Plzen Letna"]
[BlackTeam "Kobylisy"]
[WhiteTeamCountry "CZE"]
[BlackTeamCountry "CZE"]

1. c4 g6 2. g3 Bg7 3. Bg2 d6 4. Nc3 e5 5. d3 f5 6. Rb1 Nf6 7. Nf3 0-0 8. 0-0 c6 9. b4 h6 10. Bd2 Be6 11. b5 Qe7 12. c5 Rd8 13. cxd6 Qxd6 14. bxc6 Nxc6 15. Rxb7 e4 16. Nb5 exf3 17. Nxd6 fxg2 18. Kxg2 Rxd6 19. Bf4 Rdd8 20. f3 Nd5 21. Bd2 Rac8 22. Qb1 g5 23. Rc1 Re8 24. Qb5 Nd4 25. Rxc8 Rxc8 26. Qa4 Nc6 27. Qa6 Bd4 28. Qa3 Nd8 29. Qd6 Bc5 30. Qe5 Be7 31. Rxa7 Rc2 32. Ra8 Kf7 33. Ba5 Nc6 34. Qh8 Nf6 35. Qxh6 Rxe2+ 36. Kf1 Rxa2 1/2-1/2

[Event "Nachod op"]
[Site "Nachod"]
[Date "2006.07.01"]
[Round "1"]
[White "Mares, Ilja"]
[Black "Sedlacek, Jiri"]
[Result "1-0"]
[WhiteElo "1892"]
[BlackElo "2085"]
[PlyCount "75"]
[EventDate "2006.07.01"]
[EventType "swiss"]
[EventRounds "9"]
[EventCountry "CZE"]
[SourceTitle "CBM 113 Extra"]
[Source "ChessBase"]
[SourceDate "2006.09.14"]
[SourceVersion "1"]
[SourceVersionDate "2006.09.14"]
[SourceQuality "1"]

1. Nf3 d5 2. g3 Nc6 3. Bg2 Nf6 4. 0-0 e5 5. d3 Bf5 6. c3 Qd7 7. Bg5 Be7 8. Nbd2 0-0 9. b4 Bh3 10. b5 Nd8 11. Nxe5 Qe6 12. d4 Bxg2 13. Kxg2 Qf5 14. Bxf6 Bxf6 15. Ndf3 Bxe5 16. Nxe5 Ne6 17. Qd3 Qg5 18. f4 Qh5 19. e4 f6 20. exd5 Nxf4+ 21. Rxf4 fxe5 22. Rh4 e4 23. Rxh5 exd3 24. Rd1 g6 25. Re5 Rae8 26. Rxd3 Kg7 27. Rde3 Rxe5 28. dxe5 Kf7 29. Rf3+ Ke7 30. Rxf8 Kxf8 31. Kf3 Ke7 32. Kf4 h6 33. c4 Kd7 34. c5 Ke7 35. h4 Kd7 36. e6+ Ke7 37. Ke5 b6 38. d6+ 1-0

[Event "Brno Trade op-A"]
[Site "Brno"]
[Date "2005.09.02"]
[Round "6"]
[White "Sedlacek, Jiri"]
[Black "Beil, Martin"]
[Result "1-0"]
[WhiteElo "2062"]
[BlackElo "2199"]
[PlyCount "95"]
[EventDate "2005.08.28"]
[EventType "swiss"]
[EventRounds "9"]
[EventCountry "CZE"]
[SourceTitle "CBM 108 Extra"]
[Source "ChessBase"]
[SourceDate "2005.11.04"]
[SourceVersion "1"]
[SourceVersionDate "2005.11.04"]
[SourceQuality "1"]

1. c4 Nf6 2. Nc3 g6 3. g3 Bg7 4. Bg2 0-0 5. d3 e5 6. Rb1 c6 7. e4 Re8 8. Nge2 a5 9. 0-0 Na6 10. f4 Qb6+ 11. Kh1 Ng4 12. Qe1 Nb4 13. Na4 Qa7 14. c5 Nxd3 15. Qc3 Nxc1 16. Qxc1 d6 17. Nb6 Rb8 18. h3 Nf6 19. Nxc8 Rbxc8 20. cxd6 Rcd8 21. fxe5 Nd7 22. Rxf7 Nxe5 23. Re7 Rxe7 24. dxe7 Re8 25. Qd1 Qb8 26. Qb3+ Kh8 27. Qb6 Nc4 28. Qc5 Nxb2 29. Qxa5 b5 30. Qa3 Qe5 31. Rc1 Nc4 32. Qa6 Qd6 33. a4 Bb2 34. Rg1 Rxe7 35. axb5 Qd3 36. Nf4 Qe3 37. Qc8+ Kg7 38. Ne6+ Rxe6 39. Qxe6 Bd4 40. Qe7+ Kh6 41. Qh4+ Kg7 42. Rd1 c5 43. Qf4 g5 44. Qxe3 Bxe3 45. Bf1 Nb6 46. Rd6 c4 47. Rc6 Bd4 48. Bxc4 1-0